[Event "VIE-ch97 "A""]
[Site "?"]
[Date "1997.10.25"]
[Round "1"]
[White "Wallner, J."]
[Black "Lau, R."]
[Result "1/2-1/2"]
[WhiteElo "2225"]
[BlackElo "2495"]
[PlyCount "51"]
[EventDate "1996.??.??"]

1. e4 c5 2. Nf3 e6 3. Nc3 a6 4. g3 b5 5. Bg2 Bb7 6. d3 d5 7. exd5 exd5 8. O-O
Nf6 9. Re1+ Be7 10. Nh4 Qd7 11. Qf3 O-O 12. Nf5 Bd8 13. Bg5 Ra7 14. Qf4 d4 15.
Bh3 Qc6 16. Ne4 Nbd7 17. Nxg7 Kxg7 18. Bxd7 (18. Bh6+ Kh8 19. Bxd7 Nxd7 20.
Bxf8 Nxf8 21. Qxf7 Ng6 22. f3 {  23. Sg5+-}) 18... Nxd7 19. Bxd8 f5 20. Be7 Rf7
21. Qg5+ Kh8 22. Bxc5 Nxc5 23. Qd8+ Kg7 24. Qg5+ Kh8 25. Qd8+ Kg7 26. Qg5+
1/2-1/2

[Event "VIE-ch97 "A""]
[Site "?"]
[Date "1997.10.25"]
[Round "1"]
[White "Stanec, N."]
[Black "Sulyok, M."]
[Result "1-0"]
[WhiteElo "2465"]
[BlackElo "2220"]
[PlyCount "127"]
[EventDate "1996.??.??"]

1. d4 d5 2. c4 c6 3. Nf3 dxc4 4. a4 e6 5. e3 b5 6. axb5 cxb5 7. b3 Bb4+ 8. Bd2
Bxd2+ 9. Nfxd2 Ne7 10. bxc4 bxc4 11. Nxc4 Nbc6 12. Nc3 O-O 13. Be2 Bb7 14. O-O
Nd5 15. Na4 Qe7 16. Nc5 Rab8 17. Nxb7 Nc3 18. Qd2 Nxe2+ 19. Qxe2 Rxb7 20. g3
Rfb8 21. Rfc1 h6 22. Qf3 Qd7 23. Nd2 Ne7 24. Ne4 Qd5 25. Kg2 Qf5 26. Ra6 Qxf3+
27. Kxf3 Nc8 28. Ra5 Rb1 29. Rcc5 Kf8 30. g4 R1b7 31. h4 Ke7 32. Rc6 Kd7 33.
Rac5 Ra8 34. Ra6 Rb6 35. Ra2 Nd6 36. Rca5 Nc8 37. Rc2 Rc6 38. Nc5+ Ke7 39. Rc1
Rb8 40. h5 Ra8 41. Rg1 Nd6 42. Rga1 Nc8 43. Nd3 Rc7 44. Nb4 Nb6 45. Ra6 Nc8 46.
Nc6+ Ke8 47. Kg3 Rb7 48. Ne5 Rb6 49. R6a5 Rab8 50. Rc1 Rb1 51. Rc2 R1b2 52. Rc7
R2b7 53. Rcc5 Ra8 54. f4 Nd6 55. Kf3 Re7 56. Ra6 Nc8 57. g5 hxg5 58. fxg5 Kf8
59. h6 Kg8 60. Rc1 Nb6 61. Rh1 Kh7 62. Ra2 g6 63. Ng4 Nd5 64. e4 1-0

[Event "VIE-ch97 "A""]
[Site "?"]
[Date "1997.10.25"]
[Round "1"]
[White "Staudner, O."]
[Black "Rogetzer, K."]
[Result "1-0"]
[WhiteElo "2340"]
[BlackElo "2200"]
[PlyCount "59"]
[EventDate "1996.??.??"]

1. e4 c6 2. d4 d5 3. e5 c5 4. dxc5 Nc6 5. Nf3 e6 6. Be3 Nh6 7. c3 Nf5 8. Bd4
Nfxd4 9. cxd4 b6 10. b4 bxc5 11. bxc5 Qa5+ 12. Qd2 Qxd2+ 13. Nbxd2 Rb8 14. Rb1
Rxb1+ 15. Nxb1 f6 16. Bb5 Bd7 17. Nc3 Be7 18. O-O O-O 19. Re1 Rc8 20. exf6 gxf6
21. Nxd5 Bd8 22. Nf4 Kf7 23. Bc4 Ba5 24. Rxe6 Rb8 25. Re2+ Kf8 26. Bb3 Rb4 27.
Nd5 Nxd4 28. Nxd4 Rxd4 29. Nxf6 Bf5 30. h3 1-0

[Event "VIE-ch97 "A""]
[Site "?"]
[Date "1997.10.25"]
[Round "1"]
[White "Trkulja, Z."]
[Black "Dueckstein, A."]
[Result "0-1"]
[WhiteElo "2195"]
[BlackElo "2330"]
[PlyCount "70"]
[EventDate "1996.??.??"]

1. e4 e5 2. Nf3 Nc6 3. Bb5 f5 4. Nc3 fxe4 5. Nxe4 Be7 6. Qe2 Nd4 7. Nxd4 exd4
8. Qh5+ Kf8 9. Bc4 Qe8 10. Qf3+ Nf6 11. O-O c6 12. Re1 Qg6 13. Nxf6 Qxf6 14.
Qxf6+ Bxf6 15. b3 d5 16. Bf1 d3 17. c3 Bf5 18. g3 Kf7 19. a4 Rhe8 20. Ba3 b6
21. f3 c5 22. a5 c4 23. bxc4 dxc4 24. axb6 axb6 25. Bd6 Rxe1 26. Rxe1 Ra2 27.
Bf4 Rb2 28. h4 h5 29. Rd1 b5 30. Bd6 g5 31. hxg5 Bxg5 32. f4 Bf6 33. Bg2 Bg4
34. Ra1 Rxd2 35. Bd5+ Kg6 0-1

[Event "VIE-ch97 "A""]
[Site "?"]
[Date "1997.10.25"]
[Round "1"]
[White "Trauner, R."]
[Black "Prager, M."]
[Result "1-0"]
[WhiteElo "2285"]
[BlackElo "2150"]
[PlyCount "79"]
[EventDate "1996.??.??"]

1. c4 Nf6 2. Nc3 g6 3. g3 Bg7 4. Bg2 d6 5. Rb1 O-O 6. b4 Nbd7 7. Nh3 a6 8. O-O
Rb8 9. d4 e5 10. d5 Nb6 11. Qb3 c6 12. Ng5 cxd5 13. cxd5 h6 14. Nf3 Bf5 15. Rb2
Rc8 16. Nh4 Bd7 17. e4 g5 18. Nf5 Bxf5 19. exf5 Qd7 20. Ne4 Nc4 21. Rc2 b5 22.
Nxf6+ Bxf6 23. Be4 Rc7 24. h4 Rfc8 25. Kg2 Kg7 26. hxg5 hxg5 27. Rh1 Qe7 28.
Qf3 Rh8 29. Rxh8 Kxh8 30. a4 Kg7 31. Qh5 Rc8 32. axb5 axb5 33. Ra2 Rh8 34. Qg4
Rb8 35. Ra1 Rg8 36. Ra6 Qb7 37. Rc6 Be7 38. Bxg5 f6 39. Bh6+ Kh7 40. Qh5 1-0

[Event "VIE-ch97 "A""]
[Site "?"]
[Date "1997.10.25"]
[Round "1"]
[White "Bachofner, A."]
[Black "Posch, W."]
[Result "1-0"]
[WhiteElo "2145"]
[BlackElo "2275"]
[PlyCount "69"]
[EventDate "1996.??.??"]

1. e4 Nf6 2. e5 Nd5 3. d4 d6 4. c4 Nb6 5. f4 dxe5 6. fxe5 c5 7. d5 e6 8. Nc3
exd5 9. cxd5 c4 10. Be3 Bb4 11. Bxb6 Bxc3+ 12. bxc3 Qxb6 13. Bxc4 O-O 14. Ne2
Nd7 15. Qd4 Re8 16. e6 fxe6 17. dxe6 Nc5 18. e7+ Be6 19. O-O Rxe7 20. Rab1 Qc7
21. Nf4 Rae8 22. Nxe6 Nxe6 23. Rbe1 b5 24. Bb3 h6 25. Rxe6 Rxe6 26. Re1 Qc6 27.
Qg4 Qc5+ 28. Kh1 Qxc3 29. Bxe6+ Kh8 30. Qe4 a5 31. h3 b4 32. Re3 Qc1+ 33. Kh2
a4 34. Qg6 Rf8 35. Bf5 1-0

[Event "VIE-ch97 "A""]
[Site "?"]
[Date "1997.10.25"]
[Round "1"]
[White "Schwab, R."]
[Black "Steinwender, W."]
[Result "1-0"]
[WhiteElo "2265"]
[BlackElo "2105"]
[PlyCount "73"]
[EventDate "1996.??.??"]

1. e4 e5 2. Nf3 Nc6 3. Bb5 f5 4. d3 fxe4 5. dxe4 Nf6 6. O-O d6 7. Bg5 Be7 8.
Nc3 Be6 9. Qd3 O-O 10. Bc4 Bxc4 11. Qxc4+ Kh8 12. Bxf6 Bxf6 13. Nd5 Ne7 14.
Qxc7 Nxd5 15. Qxd8 Raxd8 16. exd5 Rc8 17. c3 Rc5 18. Rfd1 Rfc8 19. Nd2 Rb5 20.
Rab1 Ra5 21. a3 Ra4 22. f3 Be7 23. Ne4 g5 24. h3 h5 25. g4 Rf8 26. Kg2 h4 27.
Ra1 Rc8 28. b3 Ra5 29. c4 b5 30. b4 Ra6 31. cxb5 Rb6 32. Rac1 Rxc1 33. Rxc1
Rxb5 34. Rc7 Bf8 35. Nxg5 Rxd5 36. Rc8 Kg8 37. Ne6 1-0

[Event "VIE-ch97 "A""]
[Site "?"]
[Date "1997.10.25"]
[Round "1"]
[White "Hirsch, A."]
[Black "Zoebisch, H."]
[Result "0-1"]
[WhiteElo "2105"]
[BlackElo "2255"]
[PlyCount "112"]
[EventDate "1996.??.??"]

1. Nf3 d5 2. c4 dxc4 3. e3 Nf6 4. Bxc4 e6 5. O-O c5 6. d4 a6 7. Qe2 b5 8. Bb3
Bb7 9. Rd1 Nbd7 10. e4 cxd4 11. e5 Nd5 12. Nxd4 Qc7 13. Nc3 Nxc3 14. bxc3 Nc5
15. Bc2 g6 16. h4 Bg7 17. Bb3 Nxb3 18. axb3 Qxe5 19. Qf1 O-O 20. Re1 Qc7 21.
Ba3 Rfe8 22. Rac1 e5 23. Nf3 Qd7 24. Ng5 e4 25. c4 h6 26. Nh3 Rac8 27. Nf4 bxc4
28. bxc4 Be5 29. Nd5 Bxd5 30. cxd5 Qxd5 31. Rxc8 Rxc8 32. Bc1 a5 33. Bxh6 Qc4
34. Rd1 Qxf1+ 35. Kxf1 Bb2 36. Rd5 a4 37. Ra5 a3 38. Ke2 f5 39. Bd2 Rc4 40. Bg5
Kf7 41. Ra6 Rc2+ 42. Kf1 Bd4 43. Rxa3 Rxf2+ 44. Ke1 Rxg2 45. Ra4 Bc5 46. Rc4
Bd6 47. Rc6 Be5 48. Rc5 Ke6 49. Rc6+ Kf7 50. Rc5 Bg3+ 51. Kf1 Rf2+ 52. Kg1 Ra2
53. Rb5 f4 54. h5 f3 55. hxg6+ Kxg6 56. Bc1 e3 0-1

[Event "VIE-ch97 "A""]
[Site "?"]
[Date "1997.10.25"]
[Round "1"]
[White "Stoeckl, E."]
[Black "Gajic, R."]
[Result "1/2-1/2"]
[WhiteElo "2240"]
[BlackElo "2100"]
[PlyCount "92"]
[EventDate "1996.??.??"]

1. Nf3 Nf6 2. d4 d5 3. Bf4 Bf5 4. Nbd2 Nbd7 5. e3 h6 6. Ne5 e6 7. Be2 Be7 8.
O-O O-O 9. c4 c6 10. Rc1 Nxe5 11. dxe5 Ne4 12. Nxe4 Bxe4 13. cxd5 Qxd5 14. f3
Bg6 15. Bc4 Qxd1 16. Rfxd1 Rfd8 17. e4 Bc5+ 18. Kf1 Bd4 19. Rc2 Bb6 20. Rcd2
Rxd2 21. Rxd2 Rd8 22. Rxd8+ Bxd8 23. Be3 Bc7 24. Bd4 Kf8 25. Ke2 Ke8 26. Bd3 b6
27. h3 Ke7 28. f4 f6 29. exf6+ gxf6 30. Be3 h5 31. Kf3 e5 32. f5 Bf7 33. a3 Bb3
34. Kg3 Bd1 35. Kh4 Kf7 36. Kg3 Bd6 37. Kf2 Bb3 38. Ke2 Kg7 39. Kd2 Bf8 40. Kc3
Bd1 41. Ba6 Kh7 42. Bb7 c5 43. Ba6 Bh6 44. Bxh6 Kxh6 45. h4 Ba4 46. Bb7 Bb5
1/2-1/2

[Event "VIE-ch97 "A""]
[Site "?"]
[Date "1997.10.26"]
[Round "2"]
[White "Zoebisch, H."]
[Black "Stanec, N."]
[Result "1/2-1/2"]
[WhiteElo "2465"]
[BlackElo "2255"]
[PlyCount "53"]
[EventDate "1996.??.??"]

1. d4 Nf6 2. c4 c5 3. d5 g6 4. Nc3 Bg7 5. e4 d6 6. Be2 O-O 7. Nf3 e6 8. O-O
exd5 9. cxd5 Bg4 10. Bf4 Qe7 11. Re1 Bxf3 12. Bxf3 Nbd7 13. a4 a6 14. h3 Rfe8
15. Qd2 Rac8 16. a5 Ne5 17. Be2 Qc7 18. Bg3 Ned7 19. Bd1 Qb8 20. Bh2 c4 21. Ba4
Re7 22. f4 b5 23. axb6 Qxb6+ 24. Kh1 Nc5 25. e5 Ne8 26. Bxe8 Rexe8 27. Bg1
1/2-1/2

[Event "VIE-ch97 "A""]
[Site "?"]
[Date "1997.10.26"]
[Round "2"]
[White "Schwab, R."]
[Black "Staudner, O."]
[Result "1/2-1/2"]
[WhiteElo "2265"]
[BlackElo "2340"]
[PlyCount "135"]
[EventDate "1996.??.??"]

1. e4 e6 2. d4 d5 3. exd5 exd5 4. Bf4 Nc6 5. Bb5 Nf6 6. Ne2 Bd7 7. O-O a6 8.
Ba4 Na5 9. Bxd7+ Qxd7 10. Ng3 O-O-O 11. Nd2 Be7 12. c3 h5 13. Qc2 g6 14. Bg5 h4
15. Ne2 Qg4 16. Bxf6 Bxf6 17. Qd3 h3 18. g3 Rde8 19. f3 Qd7 20. Rae1 Be7 21. b4
Nc6 22. Kf2 Bd6 23. f4 Qg4 24. Nf3 f6 25. Nfg1 Re4 26. Qf3 Qe6 27. Nc1 Re8 28.
Re2 Qf5 29. Nd3 Qe6 30. Rfe1 Kb8 31. Kf1 Na7 32. a4 Nc8 33. Nf2 f5 34. Ngxh3
Nb6 35. Nxe4 fxe4 36. Ng5 Qd7 37. Qg2 Nxa4 38. Re3 Qb5+ 39. Qe2 Qc6 40. Qd2 Nb6
41. Qc2 Nc4 42. R3e2 Re7 43. Kg2 Qb5 44. h4 Nb6 45. Nh3 Qd3 46. Re3 Qb5 47. Nf2
Qd7 48. Qe2 Nc4 49. Rxe4 dxe4 50. Qxc4 e3 51. Nh3 Qf5 52. Qe2 Qe4+ 53. Kh2 Qc6
54. Qd3 Qf3 55. Re2 Ka7 56. Ng1 Qg4 57. Rxe3 Rxe3 58. Qxe3 b6 59. Nf3 a5 60.
bxa5 bxa5 61. Ne5 Qd1 62. d5+ Kb7 63. Qd3 Qb3 64. Nc6 Kb6 65. Qe3+ Bc5 66. Nd4
Qxd5 67. Qd3 Bxd4 68. cxd4 1/2-1/2

[Event "VIE-ch97 "A""]
[Site "?"]
[Date "1997.10.26"]
[Round "2"]
[White "Dueckstein, A."]
[Black "Strauss, A."]
[Result "1/2-1/2"]
[WhiteElo "2330"]
[BlackElo "2235"]
[PlyCount "76"]
[EventDate "1996.??.??"]

1. e4 e5 2. Ne2 Nc6 3. f4 d6 4. Nbc3 Bg4 5. d3 Nf6 6. h3 Bxe2 7. Bxe2 Be7 8.
O-O O-O 9. Bf3 Nd4 10. f5 c6 11. g4 Nd7 12. Bg2 Bg5 13. Kh1 b5 14. a4 b4 15.
Na2 Rb8 16. Bxg5 Qxg5 17. Nc1 c5 18. Nb3 h5 19. gxh5 Nf6 20. Nxd4 cxd4 21. Bf3
Qh4 22. Bg4 Rfc8 23. Kg2 d5 24. Qe2 b3 25. cxb3 Rxb3 26. exd5 Nxd5 27. Kh1 Ne3
28. Rac1 Rcb8 29. Rg1 Rxb2 30. Qf3 Rf2 31. Qe4 f6 32. Rc7 Nxg4 33. Qxg4 Qxg4
34. hxg4 Rbb2 35. Rg3 Rf1+ 36. Rg1 Rff2 37. Rg3 Rf1+ 38. Rg1 Rff2 1/2-1/2

[Event "VIE-ch97 "A""]
[Site "?"]
[Date "1997.10.26"]
[Round "2"]
[White "Bachofner, A."]
[Black "Trauner, R."]
[Result "1-0"]
[WhiteElo "2145"]
[BlackElo "2285"]
[PlyCount "161"]
[EventDate "1996.??.??"]

1. e4 e5 2. f4 Bc5 3. Nf3 d6 4. Nc3 Nc6 5. Bc4 Bg4 6. Na4 Nd4 7. Nxc5 Bxf3 8.
gxf3 Qh4+ 9. Kf1 dxc5 10. c3 Qh3+ 11. Kf2 Nc6 12. d3 Qh4+ 13. Ke2 exf4 14. Qg1
O-O-O 15. Qxc5 Nh6 16. Qf2 Qf6 17. d4 Kb8 18. Bd2 Rhe8 19. Rae1 Nf5 20. Kd1
Ne3+ 21. Bxe3 fxe3 22. Rxe3 Nxd4 23. cxd4 Rxd4+ 24. Bd3 Red8 25. Qc2 c5 26. b3
a6 27. Ke2 Qg5 28. Rf1 R8d6 29. e5 Rh6 30. Qxc5 Rxh2+ 31. Rf2 Qg3 32. Rxh2
Qxh2+ 33. Kd1 Qg1+ 34. Kd2 Qf2+ 35. Kc3 Rd8 36. Qb6 Rc8+ 37. Bc4 Qxa2 38. Qd6+
Ka8 39. Qd2 Qa5+ 40. Kc2 Qa2+ 41. Kd1 Qb1+ 42. Ke2 Qg6 43. Rd3 Qg3 44. Qe3 Qh2+
45. Kd1 h5 46. Rd7 h4 47. Qe4 Qg1+ 48. Ke2 Qg2+ 49. Kd3 Rb8 50. Kc3 Qh1 51. Kb2
Qh2+ 52. Ka3 Qf2 53. f4 h3 54. Bd5 Qc5+ 55. Kb2 Qf2+ 56. Qc2 Qd4+ 57. Qc3 Qf2+
58. Ka3 Qb6 59. Qc7 Qb5 60. Bc4 Qc6 61. Qxc6 bxc6 62. Bd3 Rb7 63. Rxb7 Kxb7 64.
Kb4 Kb6 65. Kc4 a5 66. Be4 h2 67. Bh1 Kc7 68. Kc5 Kd7 69. Bxc6+ Ke6 70. Be4 g5
71. Kd4 gxf4 72. Bf3 f6 73. exf6 Kxf6 74. Ke4 Kg5 75. Ke5 Kh4 76. Kxf4 Kh3 77.
Bh1 Kh4 78. Kf3 Kh3 79. Kf2 Kg4 80. Kg2 Kf4 81. Kxh2 1-0

[Event "VIE-ch97 "A""]
[Site "?"]
[Date "1997.10.26"]
[Round "2"]
[White "Alvir, A."]
[Black "Vodep, O."]
[Result "1-0"]
[WhiteElo "2390"]
[BlackElo "2155"]
[PlyCount "32"]
[EventDate "1996.??.??"]

1. e4 d6 2. d4 Nf6 3. Nc3 g6 4. f4 Bg7 5. Nf3 O-O 6. Bd3 Na6 7. e5 dxe5 8. dxe5
Nd5 9. Nxd5 Qxd5 10. Qe2 Nc5 11. Bc4 Qe4 12. Qxe4 Nxe4 13. Be3 c6 14. O-O-O b6
15. Rhe1 Bh6 16. e6 f5 1-0

[Event "VIE-ch97 "A""]
[Site "?"]
[Date "1997.10.26"]
[Round "2"]
[White "Todor, R."]
[Black "Stoeckl, E."]
[Result "1-0"]
[WhiteElo "2170"]
[BlackElo "2240"]
[PlyCount "81"]
[EventDate "1996.??.??"]

1. c4 e5 2. Nc3 Nc6 3. Nf3 Nf6 4. g3 d6 5. Bg2 Be6 6. d3 h6 7. e4 Qd7 8. h3 Be7
9. a3 a5 10. Be3 O-O 11. Nd5 a4 12. Qc2 Bd8 13. Rd1 Re8 14. g4 Nh7 15. Qe2 Na5
16. Nd2 b5 17. O-O c6 18. Nc3 h5 19. f3 Rb8 20. cxb5 cxb5 21. d4 exd4 22. Bxd4
Nb3 23. Be3 Nxd2 24. Qxd2 Bc4 25. Rfe1 hxg4 26. hxg4 Bc7 27. Bf4 Bb3 28. Rc1
Rbd8 29. Bf1 Rb8 30. Kg2 Rb7 31. Bxb5 Rxb5 32. Nxb5 Bb8 33. Nd4 Ba2 34. Nc6 Bc7
35. Nb4 Bb3 36. Nd5 Bb8 37. Ne3 Nf8 38. Nf5 Re6 39. Qe3 Rg6 40. Qc3 Qa7 41. Be3
1-0

[Event "VIE-ch97 "A""]
[Site "?"]
[Date "1997.10.26"]
[Round "2"]
[White "Posch, W."]
[Black "Hirsch, A."]
[Result "1-0"]
[WhiteElo "2275"]
[BlackElo "2105"]
[PlyCount "77"]
[EventDate "1996.??.??"]

1. e4 e6 2. d3 c5 3. g3 Nc6 4. Bg2 Nf6 5. Nc3 a6 6. f4 d5 7. Bd2 Be7 8. Nf3 O-O
9. O-O b5 10. e5 Nd7 11. g4 b4 12. Ne2 Rb8 13. Qe1 f6 14. Qg3 fxe5 15. fxe5 Qc7
16. Bf4 a5 17. Rae1 a4 18. Bh3 Nb6 19. g5 d4 20. g6 h6 21. Bd2 Nd5 22. Nf4 Nxf4
23. Bxf4 Bd7 24. Nd2 b3 25. axb3 Nb4 26. Rc1 Nd5 27. Ne4 axb3 28. Bd2 bxc2 29.
Rxc2 Ne3 30. Bxe3 dxe3 31. Re2 Rxf1+ 32. Bxf1 c4 33. d4 Bc6 34. Qxe3 Bxe4 35.
Qxe4 c3 36. bxc3 Qxc3 37. Rc2 Qb4 38. Bc4 Qb1+ 39. Kg2 $138 1-0

[Event "VIE-ch97 "A""]
[Site "?"]
[Date "1997.10.27"]
[Round "3"]
[White "Stanec, N."]
[Black "Bachofen, A."]
[Result "1-0"]
[WhiteElo "2465"]
[BlackElo "2145"]
[PlyCount "47"]
[EventDate "1996.??.??"]

1. c4 f5 2. Nf3 Nf6 3. g3 g6 4. d4 Bg7 5. Bg2 O-O 6. Nc3 d6 7. O-O c6 8. d5 e5
9. dxe6 Bxe6 10. Bf4 Bxc4 11. Bxd6 Re8 12. Ne5 Be6 13. Rc1 a5 14. Rc2 Na6 15.
Rd2 Nc7 16. Bf8 Ncd5 17. Bxg7 Kxg7 18. Qc1 Qc7 19. Nf3 Re7 20. Rfd1 Rae8 21.
Ng5 Bg8 22. Nxd5 Bxd5 23. Bxd5 Nxd5 24. Rxd5 1-0

[Event "VIE-ch97 "A""]
[Site "?"]
[Date "1997.10.27"]
[Round "3"]
[White "Strauss, A."]
[Black "Alvir, A."]
[Result "0-1"]
[WhiteElo "2235"]
[BlackElo "2390"]
[PlyCount "98"]
[EventDate "1996.??.??"]

1. e4 g6 2. d4 Bg7 3. Nc3 d6 4. Nf3 Nf6 5. Be2 O-O 6. O-O Nc6 7. h3 e5 8. dxe5
dxe5 9. Qxd8 Rxd8 10. Bg5 Be6 11. Rfd1 Nb4 12. Ne1 a6 13. Bf3 Nc6 14. Nd5 Bxd5
15. exd5 Nd4 16. Bxf6 Bxf6 17. c3 Nf5 18. Nd3 Nd6 19. Nc5 Bh4 20. g3 Be7 21.
Re1 Bf8 22. g4 Re8 23. Ne4 Bg7 24. Nxd6 cxd6 25. Re4 f5 26. Rb4 e4 27. Be2 Re7
28. gxf5 gxf5 29. Kh1 Rf8 30. Rg1 Rf6 31. Rg5 Kf8 32. Rc4 Ke8 33. Rc8+ Kd7 34.
Rg8 Bh6 35. Rg1 e3 36. fxe3 Rxe3 37. Bf1 f4 38. Rh8 Rf7 39. h4 Kc7 40. Rgg8 f3
41. Re8 Rg7 42. Re6 Bf4 43. Rf8 Be5 44. Rf5 Re4 45. Rxf3 Reg4 46. Rxe5 Rxh4+
47. Bh3 dxe5 48. Kh2 Rf4 49. Re3 Kd6 0-1

[Event "VIE-ch97 "A""]
[Site "?"]
[Date "1997.10.27"]
[Round "3"]
[White "Staudner, O."]
[Black "Zoebisch, H."]
[Result "1-0"]
[WhiteElo "2340"]
[BlackElo "2255"]
[PlyCount "71"]
[EventDate "1996.??.??"]

1. e4 e5 2. Nf3 Nc6 3. Nc3 Nf6 4. d4 exd4 5. Nxd4 Bb4 6. Nxc6 bxc6 7. Bd3 d5 8.
exd5 Qe7+ 9. Qe2 cxd5 10. Qxe7+ Kxe7 11. O-O c6 12. Na4 Be6 13. Be3 Nd7 14. a3
Bd6 15. f4 f5 16. b4 Kf7 17. c3 g6 18. Rfc1 a5 19. g3 axb4 20. axb4 Rhb8 21.
Bd4 Nf6 22. Nb6 Rxa1 23. Rxa1 Rb7 24. Ra8 Bc7 25. Na4 Bd6 26. Ra6 Rc7 27. Bb6
Rc8 28. Ra7+ Bd7 29. Bd4 Rc7 30. Ra6 Ne4 31. Ra5 Nd2 32. Bb6 Rb7 33. Bc5 Bc7
34. Ra8 Nc4 35. Bd4 Nb6 36. Ba6 1-0

[Event "VIE-ch97 "A""]
[Site "?"]
[Date "1997.10.27"]
[Round "3"]
[White "Wukits, R."]
[Black "Dueckstein, A."]
[Result "1/2-1/2"]
[WhiteElo "2240"]
[BlackElo "2330"]
[PlyCount "65"]
[EventDate "1996.??.??"]

1. d4 d5 2. c4 dxc4 3. Nf3 Nf6 4. e3 Bg4 5. Bxc4 e6 6. O-O Nbd7 7. Nc3 Bd6 8.
h3 Bh5 9. e4 e5 10. dxe5 Nxe5 11. Qa4+ c6 12. Nxe5 Bxe5 13. Qc2 O-O 14. Be3 Bg6
15. Rad1 Qc7 16. Bd3 Rfe8 17. f3 Bf4 18. Bxf4 Qxf4 19. Qd2 Qc7 20. Qf2 Re7 21.
g4 h6 22. Kg2 Qb6 23. Qxb6 axb6 24. a3 Kh8 25. Rd2 Rd8 26. Rdd1 Red7 27. Bc2
Rd2+ 28. Rxd2 Rxd2+ 29. Rf2 Rd4 30. h4 Nd7 31. Rf1 Rd2+ 32. Rf2 Rd4 33. Rf1
1/2-1/2

[Event "VIE-ch97 "A""]
[Site "?"]
[Date "1997.10.27"]
[Round "3"]
[White "Trauner, R."]
[Black "Halser, W."]
[Result "1-0"]
[WhiteElo "2285"]
[BlackElo "2085"]
[PlyCount "105"]
[EventDate "1996.??.??"]

1. c4 e5 2. Nc3 Nf6 3. g3 c6 4. Bg2 d5 5. cxd5 cxd5 6. Qb3 Nc6 7. Nxd5 Nd4 8.
Nxf6+ Qxf6 9. Qd3 Bd7 10. e3 Bb5 11. Qb1 Qa6 12. Be4 Ne6 13. a4 Bc6 14. b4 Qc4
15. Bxc6+ Qxc6 16. f3 Rc8 17. Kf2 Be7 18. b5 Qd7 19. Ne2 O-O 20. Rd1 Bf6 21.
Ra2 Rfd8 22. Ba3 h5 23. Rc1 h4 24. Rxc8 Rxc8 25. Rc2 Rd8 26. Bb4 Ng5 27. Ng1
Qf5 28. Rb2 e4 29. g4 Qe5 30. f4 Qxb2 31. Qxb2 Bxb2 32. fxg5 Rd5 33. Nh3 Be5
34. Kg2 Rd3 35. Nf2 Rb3 36. Be7 Rd3 37. Nxd3 exd3 38. Bb4 Kh7 39. h3 Kg6 40.
Kf3 Kxg5 41. Ke4 f6 42. Kxd3 f5 43. gxf5 Kxf5 44. Ke2 g5 45. Kf3 Ke6 46. Kg4
Bf6 47. e4 a6 48. d3 axb5 49. axb5 Bd4 50. Kxg5 Ke5 51. Kg4 Bb2 52. Bc5 Bc3 53.
Bf2 1-0

[Event "VIE-ch97 "A""]
[Site "?"]
[Date "1997.10.27"]
[Round "3"]
[White "Fordan, T."]
[Black "Rogetzer, K."]
[Result "1/2-1/2"]
[WhiteElo "2245"]
[BlackElo "2200"]
[PlyCount "81"]
[EventDate "1996.??.??"]

1. d4 Nf6 2. c4 g6 3. Nc3 Bg7 4. e4 d6 5. Nf3 O-O 6. Be2 e5 7. O-O exd4 8. Nxd4
Re8 9. f3 Nc6 10. Nc2 a5 11. Bg5 h6 12. Be3 Nb4 13. Rc1 Nxc2 14. Rxc2 Nh7 15.
Nd5 f5 16. Bd3 Nf6 17. Qc1 fxe4 18. Nxf6+ Qxf6 19. Bxe4 Bf5 20. Bxh6 Bxe4 21.
fxe4 Qd4+ 22. Kh1 Qxe4 23. Bxg7 Kxg7 24. Rcf2 Rf8 25. Qc3+ Kg8 26. Rf6 Rae8 27.
h3 Rxf6 28. Qxf6 Qe6 29. Qg5 Kg7 30. b3 Qe5 31. Qd2 Qe2 32. Qf4 Qe6 33. a4 b6
34. Qf3 Qe7 35. Qd3 Qe2 36. Qxe2 Rxe2 37. Rf3 Re5 38. Kh2 d5 39. cxd5 Rxd5 40.
Kg3 Rd4 41. Kf2 1/2-1/2

[Event "VIE-ch97 "A""]
[Site "?"]
[Date "1997.10.27"]
[Round "3"]
[White "Gajic, R."]
[Black "Sulyok, M."]
[Result "1/2-1/2"]
[WhiteElo "2100"]
[BlackElo "2220"]
[PlyCount "95"]
[EventDate "1996.??.??"]

1. d4 d5 2. Nf3 c6 3. c4 dxc4 4. e3 b5 5. a4 e6 6. axb5 cxb5 7. b3 Bb4+ 8. Bd2
Bxd2+ 9. Nfxd2 Ne7 10. bxc4 b4 11. Qa4+ Nbc6 12. Be2 O-O 13. Nb3 a5 14. Nc5 Qc7
15. Nd2 Rd8 16. Ndb3 Bd7 17. Nxd7 Qxd7 18. O-O Qc7 19. Bf3 Ra6 20. Qb5 Rda8 21.
Ra4 Nf5 22. c5 Nfe7 23. Qc4 Qd7 24. Rfa1 Nd5 25. g3 h6 26. h4 g6 27. Bxd5 exd5
28. Qb5 Qc7 29. Qe2 h5 30. e4 Ne7 31. Kh2 f5 32. exd5 Nxd5 33. Qc4 Qf7 34. Rxa5
Rxa5 35. Rxa5 Rxa5 36. Nxa5 f4 37. Qe2 Nc3 38. Qc4 fxg3+ 39. fxg3 Nd5 40. Qe2
Nc3 41. Qc2 Kg7 42. Qg2 Qc7 43. Nc6 b3 44. d5 Kh7 45. d6 Qb7 46. Qb2 Na4 47.
Na5 Qf3 48. Qxb3 1/2-1/2

[Event "VIE-ch97 "A""]
[Site "?"]
[Date "1997.10.28"]
[Round "4"]
[White "Alvir, A."]
[Black "Stanec, N."]
[Result "1/2-1/2"]
[WhiteElo "2390"]
[BlackElo "2465"]
[PlyCount "72"]
[EventDate "1996.??.??"]

1. e4 c5 2. Nf3 e6 3. d4 cxd4 4. Nxd4 a6 5. Nc3 Qc7 6. f4 b5 7. Bd3 Bb7 8. Nf3
b4 9. Nb1 Bc5 10. Qe2 Nf6 11. Nbd2 d6 12. Nb3 Nbd7 13. Bd2 O-O 14. O-O-O a5 15.
Kb1 Rfb8 16. e5 dxe5 17. fxe5 Bxf3 18. gxf3 Nxe5 19. Bf4 Bd6 20. Bxh7+ Kxh7 21.
Rxd6 Ng6 22. Bg3 e5 23. Qd3 Kg8 24. Rd1 Rc8 25. Bf2 Nf4 26. Qf5 Ne6 27. Bb6 Qc4
28. Nxa5 Qb5 29. Rg1 Kf8 30. Qh3 Qe2 31. Rc1 Ke7 32. Nb7 Rab8 33. Rxe6+ fxe6
34. Qg3 Kf8 35. Bc5+ Kg8 36. Qh3 Qc4 1/2-1/2

[Event "VIE-ch97 "A""]
[Site "?"]
[Date "1997.10.28"]
[Round "4"]
[White "Lau, R."]
[Black "Staudner, O."]
[Result "1/2-1/2"]
[WhiteElo "2490"]
[BlackElo "2349"]
[PlyCount "107"]
[EventDate "1996.??.??"]

1. e4 e6 2. d4 d5 3. Nc3 Bb4 4. exd5 exd5 5. Bd3 Nc6 6. a3 Bxc3+ 7. bxc3 Nge7
8. Qh5 Be6 9. Nf3 Qd7 10. Ng5 g6 11. Qf3 O-O-O 12. O-O Nf5 13. Re1 Rde8 14. Bd2
h6 15. Nxe6 fxe6 16. Qg4 Qf7 17. Bf4 Rhf8 18. Be5 g5 19. Rab1 Nxe5 20. Rxe5 Nd6
21. Qe2 Qf6 22. Re1 Kd7 23. f3 Nf7 24. Re3 c6 25. Kh1 Re7 26. c4 Rfe8 27. c3
Nd6 28. c5 Nf7 29. Qb2 Nd8 30. c4 Kc8 31. a4 Nf7 32. a5 e5 33. cxd5 exd4 34.
dxc6 Nd8 35. Be4 Nxc6 36. Ra3 a6 37. Rb1 Qe5 38. h3 Qxc5 39. Rb3 Qa7 40. Bxc6
Re1+ 41. Kh2 Qb8+ 42. f4 Qxf4+ 43. Rg3 bxc6 44. Qb7+ Kd8 45. Qb6+ Kd7 46. Rb4
R1e4 47. Qa7+ Kd6 48. Rc4 Rc8 49. Qxa6 Re3 50. Rxd4+ Qxd4 51. Rxe3 Qxe3 52.
Qxc8 Qe5+ 53. Kh1 Qe1+ 54. Kh2 1/2-1/2

[Event "VIE-ch97 "A""]
[Site "?"]
[Date "1997.10.28"]
[Round "4"]
[White "Dueckstein, A."]
[Black "Schwab, R."]
[Result "1-0"]
[WhiteElo "2330"]
[BlackElo "2265"]
[PlyCount "57"]
[EventDate "1996.??.??"]

1. e4 c6 2. d4 d5 3. Nc3 b5 4. a3 dxe4 5. Nxe4 a6 6. Nf3 Nd7 7. Bd3 Ngf6 8. Bf4
Bb7 9. Nxf6+ gxf6 10. Qe2 Nb6 11. O-O e6 12. Bg3 Bd6 13. b3 Bxg3 14. hxg3 Qd5
15. c4 Qh5 16. a4 bxc4 17. bxc4 c5 18. Qb2 Bxf3 19. Qxb6 Rd8 20. d5 O-O 21.
gxf3 Qxf3 22. Ra3 Kh8 23. Qxc5 exd5 24. Bb1 Qh5 25. Kg2 Qe2 26. cxd5 Rg8 27.
Rh1 Rg7 28. Qd4 Kg8 29. Re3 1-0

[Event "VIE-ch97 "A""]
[Site "?"]
[Date "1997.10.28"]
[Round "4"]
[White "Posch, W."]
[Black "Trauner, R."]
[Result "1/2-1/2"]
[WhiteElo "2275"]
[BlackElo "2285"]
[PlyCount "83"]
[EventDate "1996.??.??"]

1. e4 e5 2. Nc3 Nc6 3. Bc4 Nf6 4. d3 Bb4 5. Bg5 h6 6. Bxf6 Bxc3+ 7. bxc3 Qxf6
8. Ne2 d6 9. O-O Be6 10. Bb3 O-O 11. d4 Bxb3 12. axb3 Rfe8 13. Qd3 exd4 14.
Nxd4 Ne5 15. Qg3 a6 16. Rae1 Qg5 17. Qh3 Ng6 18. Qe3 Qxe3 19. Rxe3 Nf4 20. g3
Ne6 21. f4 f6 22. Rfe1 Kf7 23. Kg2 Rad8 24. h4 h5 25. Kf3 Rd7 26. b4 Rdd8 27.
Ra1 Ra8 28. Ra5 Rh8 29. Re1 b6 30. Ra3 Nxd4+ 31. cxd4 Ra7 32. Rea1 Rha8 33. Ke3
a5 34. Kd3 c6 35. Ra4 Ke6 36. c3 Kd7 37. d5 Kc7 38. dxc6 Kxc6 39. Kd4 g6 40.
R1a2 Ra6 41. Ra1 R6a7 42. R1a2 1/2-1/2

[Event "VIE-ch97 "A""]
[Site "?"]
[Date "1997.10.28"]
[Round "4"]
[White "Bachofen, A."]
[Black "Wukits, R."]
[Result "1-0"]
[WhiteElo "2145"]
[BlackElo "2240"]
[PlyCount "47"]
[EventDate "1996.??.??"]

1. e4 c5 2. Nf3 d6 3. d4 cxd4 4. Nxd4 Nf6 5. Nc3 g6 6. Be3 Bg7 7. f3 O-O 8. Qd2
Nc6 9. g4 Be6 10. O-O-O Nxd4 11. Bxd4 Qa5 12. a3 Rfc8 13. Kb1 Rab8 14. Bxf6
Bxf6 15. Nd5 Qxd2 16. Nxf6+ Kg7 17. Nh5+ gxh5 18. Rxd2 hxg4 19. Rg2 Kh8 20.
fxg4 Rc5 21. Rhg1 Re5 22. Bd3 Rg8 23. g5 h6 24. g6 1-0